[Event "GRE-chT Online Rapid op 1st"]
[Site "Tornelo INT"]
[Date "2021.02.21"]
[Round "7.26"]
[White "Themeli, Dimitra"]
[Black "Benatsis, Alexandros"]
[Result "0-1"]
[WhiteElo "1606"]
[BlackElo "1618"]
[PlyCount "54"]
[EventDate "2021.02.20"]
[EventType "team-swiss (rapid)"]
[EventRounds "9"]
[EventCountry "GRE"]
[SourceTitle "EXT 2023"]
[Source "ChessBase"]
[SourceDate "2022.10.05"]
[SourceVersion "1"]
[SourceVersionDate "2022.10.05"]
[SourceQuality "1"]

1. c4 Nf6 2. g3 g6 3. Bg2 Bg7 4. Nc3 0-0 5. Nf3 d6 6. d4 c6 7. 0-0 Qb6 8. a3 a5 9. Bg5 Qxb2 10. Qd2 Qxd2 11. Nxd2 h6 12. Bxf6 Bxf6 13. e3 Na6 14. Rab1 Nc7 15. Nde4 Bg7 16. h3 f5 17. Nd2 e5 18. d5 c5 19. Na4 b5 20. cxb5 e4 21. Nb6 Rb8 22. Nxc8 Rfxc8 23. a4 Nxd5 24. Nc4 Nc3 25. Rb3 Nxa4 26. Nxa5 Nc3 27. Rc1 Ne2+ 0-1

[Event "GRE-chT Online Rapid op 1st"]
[Site "Tornelo INT"]
[Date "2021.02.20"]
[Round "4.37"]
[White "Benatsis, Alexandros"]
[Black "Porichis, Antonios"]
[Result "1-0"]
[WhiteElo "1618"]
[BlackElo "1127"]
[PlyCount "53"]
[EventDate "2021.02.20"]
[EventType "team-swiss (rapid)"]
[EventRounds "9"]
[EventCountry "GRE"]
[SourceTitle "EXT 2023"]
[Source "ChessBase"]
[SourceDate "2022.10.05"]
[SourceVersion "1"]
[SourceVersionDate "2022.10.05"]
[SourceQuality "1"]

1. e4 e5 2. Nf3 Nc6 3. Bc4 Bc5 4. c3 d6 5. d3 Bg4 6. Nbd2 Nf6 7. Nf1 0-0 8. Ng3 d5 9. exd5 Nxd5 10. 0-0 Nf6 11. h3 Bh5 12. Nxh5 Nxh5 13. Re1 Re8 14. Ng5 Re7 15. Qxh5 h6 16. Nxf7 Rxf7 17. Qxf7+ Kh8 18. Be3 Bxe3 19. Rxe3 Qf8 20. Qxc7 Qc8 21. Qxc8+ Rxc8 22. Bd5 Re8 23. Bxc6 bxc6 24. Rae1 Kh7 25. Rxe5 Rxe5 26. Rxe5 Kg6 27. Ra5 1-0

[Event "GRE-chT Online Rapid op 1st"]
[Site "Tornelo INT"]
[Date "2021.02.20"]
[Round "3.27"]
[White "Fragiadakis, Dimitrios"]
[Black "Benatsis, Alexandros"]
[Result "0-1"]
[WhiteElo "1943"]
[BlackElo "1618"]
[PlyCount "112"]
[EventDate "2021.02.20"]
[EventType "team-swiss (rapid)"]
[EventRounds "9"]
[EventCountry "GRE"]
[SourceTitle "EXT 2023"]
[Source "ChessBase"]
[SourceDate "2022.10.05"]
[SourceVersion "1"]
[SourceVersionDate "2022.10.05"]
[SourceQuality "1"]

1. d4 Nf6 2. c4 Nc6 3. Nc3 e5 4. d5 Ne7 5. e4 Ng6 6. Bd3 Bc5 7. a3 a5 8. Nge2 Ng4 9. Be3 Bxe3 10. fxe3 Nxe3 11. Qd2 Nxg2+ 12. Kd1 N2f4 13. Kc2 d6 14. h4 Nxe2 15. Nxe2 Nxh4 16. Ng3 Nf3 17. Qf2 Nd4+ 18. Kc3 g6 19. Raf1 Qe7 20. Ne2 Nxe2+ 21. Bxe2 f5 22. exf5 Bxf5 23. Bd3 e4 24. Qd4 Qe5 25. Re1 Qxd4+ 26. Kxd4 0-0 27. Bxe4 Bxe4 28. Rxe4 Rae8 29. Reh4 Rf7 30. R1h2 Ref8 31. Kc3 Rf3+ 32. Kc2 Rf2+ 33. Kb3 Rxh2 34. Rxh2 h5 35. Ka4 b6 36. Kb5 Kg7 37. Kc6 Rf7 38. b4 axb4 39. axb4 Kh6 40. b5 g5 41. Re2 h4 42. Re8 h3 43. Rh8+ Rh7 44. Rxh7+ Kxh7 45. Kxc7 h2 46. Kxb6 h1Q 47. Kc6 Qe4 48. b6 Qxc4+ 49. Kxd6 Qb5 50. Kc7 Qxd5 51. b7 Qc5+ 52. Kd8 Qb6+ 53. Kc8 Qc6+ 54. Kb8 g4 55. Ka7 Qxb7+ 56. Kxb7 g3 0-1

[Event "GRE-chT 45th"]
[Site "Achaia"]
[Date "2017.07.05"]
[Round "4.15"]
[White "Sandalakis, Nikolaos"]
[Black "Benatsis, Alexandros"]
[Result "1-0"]
[WhiteElo "2234"]
[BlackElo "1630"]
[PlyCount "113"]
[EventDate "2017.07.03"]
[EventType "team-swiss"]
[EventRounds "7"]
[EventCountry "GRE"]
[SourceTitle "CBM 179 Extra"]
[Source "ChessBase"]
[SourceDate "2017.08.23"]
[SourceVersion "1"]
[SourceVersionDate "2017.08.23"]
[SourceQuality "1"]
[WhiteTeam "Rhodes Knight"]
[BlackTeam "Ioannina"]
[WhiteTeamCountry "GRE"]
[BlackTeamCountry "GRE"]

1. e4 d5 2. exd5 Nf6 3. Bb5+ Bd7 4. Be2 Nxd5 5. d4 Bf5 6. Nf3 e6 7. 0-0 Be7 8. a3 0-0 9. h3 a6 10. c4 Nb6 11. Nc3 Bf6 12. Be3 Nc6 13. b4 Qd7 14. Ra2 Rad8 15. Rd2 Qc8 16. Qb3 e5 17. d5 Ne7 18. c5 Nd7 19. Ng5 Bg6 20. Nge4 Nf5 21. c6 bxc6 22. dxc6 Nb8 23. Nd5 Nxc6 24. Rc1 Rxd5 25. Nxf6+ gxf6 26. Qxd5 Ncd4 27. Bxd4 Nxd4 28. Qc4 Rd8 29. Qc3 Qe6 30. Bf1 Rd6 31. Kh1 Be4 32. Qg3+ Kf8 33. Qe3 Bc6 34. Kg1 Qf5 35. Rcd1 Qg6 36. Qg3 Qh6 37. Qe3 Qg6 38. Qg3 Qh6 39. Kh1 Nf5 40. Qc3 Nd4 41. Rd3 Ke7 42. Qd2 Qh4 43. f4 Kd7 44. fxe5 fxe5 45. Qe1 Qe7 46. Rg3 f5 47. Rg8 Bb7 48. Qg3 Rg6 49. Rxg6 hxg6 50. Qxg6 a5 51. Qxf5+ Kd8 52. bxa5 c5 53. Qg6 Kc7 54. Qb6+ Kc8 55. a6 Be4 56. a7 Qb7 57. Ba6 1-0